[Event "Viljandi Raud Memorial 57th"]
[Site "Viljandi"]
[Date "2023.07.07"]
[Round "7"]
[White "Kulaots, Kaido"]
[Black "Kull, Tormi"]
[Result "1-0"]
[WhiteElo "2505"]
[BlackElo "1841"]
[PlyCount "69"]
[EventDate "2023.07.02"]
[EventType "swiss"]
[EventRounds "9"]
[EventCountry "EST"]
[SourceTitle "CBM 215 Extra"]
[Source "ChessBase"]
[SourceDate "2023.09.30"]
[SourceVersion "1"]
[SourceVersionDate "2023.09.30"]
[SourceQuality "1"]

1. Nf3 d5 2. c4 c6 3. e3 Nf6 4. Nc3 e6 5. b3 Bd6 6. Bb2 b6 7. d4 Bb7 8. Bd3 Nbd7 9. 0-0 0-0 10. Qc2 Qe7 11. Rfe1 e5 12. e4 dxc4 13. Bxc4 Rad8 14. Rad1 b5 15. Bf1 a6 16. g3 g6 17. Bg2 Rfe8 18. Qc1 Bb8 19. h3 Nh5 20. a4 Qb4 21. Qc2 Ba7 22. Ne2 f6 23. axb5 Qxb5 24. Rd2 Nf8 25. Red1 Bb8 26. Nc3 Qb4 27. dxe5 Rxd2 28. Rxd2 fxe5 29. Na4 Bd6 30. Bc3 Qa3 31. Bb2 Qb4 32. Bc3 Qa3 33. Rd1 Bc7 34. b4 a5 35. Nc5 1-0

[Event "Viljandi Raud Memorial 57th"]
[Site "Viljandi"]
[Date "2023.07.04"]
[Round "4"]
[White "Kull, Tormi"]
[Black "Krivenko, Dion"]
[Result "0-1"]
[WhiteElo "1841"]
[BlackElo "2250"]
[PlyCount "88"]
[EventDate "2023.07.02"]
[EventType "swiss"]
[EventRounds "9"]
[EventCountry "EST"]
[SourceTitle "CBM 215 Extra"]
[Source "ChessBase"]
[SourceDate "2023.09.30"]
[SourceVersion "1"]
[SourceVersionDate "2023.09.30"]
[SourceQuality "1"]

1. e4 g6 2. d4 Bg7 3. Nc3 a6 4. f4 b5 5. a3 Bb7 6. Nf3 d6 7. Be3 Nd7 8. Bd3 c5 9. 0-0 cxd4 10. Nxd4 Ngf6 11. Kh1 0-0 12. Qe1 Rc8 13. f5 d5 14. fxg6 hxg6 15. exd5 Ne5 16. Nc6 Bxc6 17. dxc6 Nxd3 18. cxd3 Rxc6 19. Rf3 Ng4 20. Qh4 f5 21. Bg5 Re6 22. Raf1 Bd4 23. Bh6 Nxh6 24. Qxh6 Bg7 25. Qg5 Qd4 26. Rg3 Rd8 27. h3 b4 28. axb4 Qxb4 29. Rxf5 Qxb2 30. Rd5 Rf8 31. Ne4 Bd4 32. Kh2 Qa1 33. Rxd4 Qxd4 34. Qh6 Qg7 35. Qd2 Kh8 36. Qa2 Qe5 37. Qc4 Kg7 38. Ng5 Ref6 39. d4 Qe1 40. d5 Rf1 41. Ne6+ Kf7 42. Ng5+ Kg7 43. Ne6+ Kf7 44. Ng5+ Kg8 0-1

[Event "Viljandi Valgmae Memorial"]
[Site "Viljandi"]
[Date "2023.07.01"]
[Round "2"]
[White "Kull, Tormi"]
[Black "Keinanen, Toivo"]
[Result "0-1"]
[WhiteElo "1809"]
[BlackElo "2504"]
[PlyCount "130"]
[EventDate "2023.07.01"]
[EventType "swiss (rapid)"]
[EventRounds "9"]
[EventCountry "EST"]
[SourceTitle "CBM 215 Extra"]
[Source "ChessBase"]
[SourceDate "2023.09.30"]
[SourceVersion "1"]
[SourceVersionDate "2023.09.30"]
[SourceQuality "1"]

1. e4 d6 2. d4 Nf6 3. Nc3 e6 4. Be2 Be7 5. Be3 a6 6. Bf3 0-0 7. Nge2 Nc6 8. 0-0 e5 9. h3 b5 10. a3 Bb7 11. d5 Na5 12. b3 c6 13. dxc6 Bxc6 14. Ng3 g6 15. Qd2 Re8 16. Rfd1 Nb7 17. h4 h5 18. Bg5 Nh7 19. Bxe7 Qxe7 20. Nd5 Bxd5 21. Qxd5 Rac8 22. b4 Rc4 23. Be2 Rxc2 24. Rdc1 Nf6 25. Qd3 Rxc1+ 26. Rxc1 Rd8 27. Bf3 d5 28. exd5 Nd6 29. Ne4 Nfxe4 30. Bxe4 Qxh4 31. Bxg6 e4 32. Bxf7+ Nxf7 33. Qd4 Qg5 34. Rc5 Qe5 35. Qd1 e3 36. fxe3 Qxe3+ 37. Kh1 Qe5 38. Qf3 Re8 39. Rc6 Qg5 40. Rc7 Re1+ 41. Kh2 Qe5+ 42. Qg3+ Qxg3+ 43. Kxg3 Rd1 44. Rc6 Rxd5 45. Rxa6 Kg7 46. a4 bxa4 47. Rxa4 Rd4 48. Kh3 Nd6 49. Ra7+ Kg6 50. Ra6 Kg5 51. Rb6 Rd3+ 52. Kh2 h4 53. b5 Nf5 54. Rb8 Rd1 55. b6 Ng3 56. Rg8+ Kf4 57. Rf8+ Ke4 58. Re8+ Kf5 59. Rf8+ Ke6 60. Kh3 Rb1 61. Kxh4 Nf5+ 62. Kh3 Rh1+ 63. Kg4 Ne3+ 64. Kf3 Rf1+ 65. Ke2 Rxf8 0-1

[Event "Keres Memorial rap 31st"]
[Site "Tallinn"]
[Date "2022.09.10"]
[Round "1"]
[White "Kull, Tormi"]
[Black "Volodin, Aleksandr"]
[Result "0-1"]
[WhiteElo "1857"]
[BlackElo "2429"]
[PlyCount "86"]
[EventDate "2022.09.10"]
[EventType "swiss (rapid)"]
[EventRounds "11"]
[EventCountry "EST"]
[SourceTitle "CBM 210 Extra"]
[Source "ChessBase"]
[SourceDate "2022.11.30"]
[SourceVersion "1"]
[SourceVersionDate "2022.11.30"]
[SourceQuality "1"]

1. e4 c5 2. Nf3 Nc6 3. d4 cxd4 4. Nxd4 e6 5. c4 a6 6. Nc2 d6 7. Nc3 Nf6 8. Bd3 Ne5 9. 0-0 Qc7 10. Ne3 Nxd3 11. Qxd3 Be7 12. b3 0-0 13. Bb2 Bd7 14. f4 Bc6 15. Rae1 Rad8 16. f5 Qc8 17. h3 Nd7 18. Ng4 Ne5 19. Qg3 Nxg4 20. Qxg4 Bf6 21. Nd1 Bxb2 22. Nxb2 exf5 23. exf5 Rfe8 24. Nd3 Bd7 25. Rd1 f6 26. Kh1 Re3 27. Nb4 Bc6 28. Nd5 Bxd5 29. Rxd5 Re5 30. Rfd1 Rde8 31. Qf4 h6 32. g4 Qc6 33. Kh2 b5 34. Kg3 Kh7 35. Kh4 Qb6 36. Rxd6 Qa5 37. cxb5 axb5 38. R1d2 Re3 39. R6d3 Rxd3 40. Rxd3 Qxa2 41. b4 Qe2 42. Rd7 Re3 43. Rb7 Qe1+ 0-1

[Event "EST-ch"]
[Site "Tallinn"]
[Date "2021.12.19"]
[Round "9"]
[White "Kull, Tormi"]
[Black "Timoshin, Andrei"]
[Result "0-1"]
[WhiteElo "1753"]
[BlackElo "2150"]
[PlyCount "112"]
[EventDate "2021.12.11"]
[EventType "tourn"]
[EventRounds "9"]
[EventCountry "EST"]
[SourceTitle "CBM 205 Extra"]
[Source "ChessBase"]
[SourceDate "2022.01.31"]
[SourceVersion "1"]
[SourceVersionDate "2022.01.31"]
[SourceQuality "1"]

1. e4 c5 2. Nf3 g6 3. c3 Bg7 4. d4 cxd4 5. cxd4 d5 6. e5 Nc6 7. Nc3 Nh6 8. h3 0-0 9. Bf4 f6 10. Qd2 Nf7 11. exf6 exf6 12. Be2 Be6 13. Rc1 Nd6 14. Bxd6 Qxd6 15. 0-0 Rfe8 16. Rfe1 Qf8 17. Qc2 Bh6 18. Rcd1 Rac8 19. Qb3 Qf7 20. Nh2 Na5 21. Qb5 Nc4 22. Bf3 a6 23. Qb4 Nd2 24. Be2 Ne4 25. Nf1 Nxc3 26. bxc3 Rc7 27. Bf3 Rec8 28. Qa5 Kh8 29. Ne3 Rxc3 30. Ng4 Bf4 31. Qb6 R3c6 32. Qa5 Rc1 33. g3 Rxd1 34. Rxd1 Bc7 35. Qb4 Bb8 36. Ne3 f5 37. Ng2 f4 38. g4 h5 39. Qd2 hxg4 40. hxg4 g5 41. Ne1 Qd7 42. Qe2 Kg7 43. Nd3 b6 44. Kg2 Rh8 45. Ne5 Qc8 46. Rb1 b5 47. a4 bxa4 48. Nd3 Re8 49. Nc5 Bf7 50. Qa2 Bd6 51. Nb7 Bf8 52. Qxa4 Bg6 53. Rb6 Be4 54. Bxe4 Qxg4+ 55. Kh2 Rxe4 56. Qb3 f3 0-1

[Event "EST-ch"]
[Site "Tallinn"]
[Date "2021.12.17"]
[Round "7"]
[White "Kull, Tormi"]
[Black "Andrijashkin, Deniss"]
[Result "1/2-1/2"]
[WhiteElo "1753"]
[BlackElo "2036"]
[PlyCount "135"]
[EventDate "2021.12.11"]
[EventType "tourn"]
[EventRounds "9"]
[EventCountry "EST"]
[SourceTitle "CBM 205 Extra"]
[Source "ChessBase"]
[SourceDate "2022.01.31"]
[SourceVersion "1"]
[SourceVersionDate "2022.01.31"]
[SourceQuality "1"]

1. e4 e6 2. d4 d5 3. exd5 exd5 4. Nc3 Nf6 5. h3 Bd6 6. Qf3 c6 7. Be3 0-0 8. Bd3 b6 9. Nge2 Ba6 10. 0-0-0 Bxd3 11. Rxd3 Qc7 12. Ng3 Bxg3 13. fxg3 Re8 14. Bf4 Qe7 15. Re3 Qf8 16. Rhe1 Nbd7 17. g4 Rxe3 18. Rxe3 Re8 19. g5 Rxe3 20. Qxe3 Ne8 21. Ne2 Nd6 22. Qa3 Nc4 23. Qxf8+ Kxf8 24. b3 Na5 25. Kd2 Ke7 26. Kd3 Nb7 27. c4 dxc4+ 28. bxc4 c5 29. d5 Nd6 30. Nc3 a6 31. a4 Nf5 32. Ke4 Nd4 33. d6+ Kd8 34. Kd5 Nb8 35. Be5 Ne6 36. Ne2 Kd7 37. h4 Nc6 38. Ng3 g6 39. Nf1 Ned8 40. Bf4 Nb4+ 41. Ke4 Nb7 42. Ne3 Nxd6+ 43. Bxd6 Kxd6 44. Ng4 Ke6 45. Nf6 h6 46. Nh7 h5 47. Nf6 Kd6 48. Ne8+ Kd7 49. Nf6+ Kc6 50. g4 hxg4 51. Nxg4 Kd6 52. Nf6 Ke6 53. h5 gxh5 54. Nxh5 Na2 55. Nf4+ Kd6 56. Nd5 Kc6 57. Ke5 Nb4 58. Nc3 Kd7 59. Kf6 Ke8 60. Ne4 Nd3 61. Nd6+ Kd7 62. Nxf7 Nf4 63. Kf5 Nh5 64. Ne5+ Kd6 65. Nd3 Ng3+ 66. Kf4 Nh5+ 67. Kg4 Ng7 68. g6 1/2-1/2

[Event "Wch FIDE Online U14 Europe qual"]
[Site "Tornelo INT"]
[Date "2020.12.09"]
[Round "7"]
[White "Kull, Tormi"]
[Black "Mizzi, Jack"]
[Result "1-0"]
[WhiteElo "1579"]
[BlackElo "1606"]
[PlyCount "85"]
[EventDate "2020.12.07"]
[EventType "swiss (rapid)"]
[EventRounds "7"]
[EventCountry "ISS"]
[SourceTitle "EXT 2022"]
[Source "ChessBase"]
[SourceDate "2021.10.06"]
[SourceVersion "1"]
[SourceVersionDate "2021.10.06"]
[SourceQuality "1"]

1. Nf3 d5 2. g3 Nf6 3. Bg2 e6 4. d3 c5 5. 0-0 Nc6 6. Nc3 Be7 7. e4 d4 8. Ne2 0-0 9. Ne1 e5 10. f4 b5 11. Nf3 Ng4 12. h3 Ne3 13. Bxe3 dxe3 14. fxe5 Qc7 15. Qc1 Nd4 16. Nexd4 cxd4 17. Nxd4 Qxe5 18. Nc6 Qxg3 19. Nxe7+ Kh8 20. Nxc8 Raxc8 21. Rf3 Qg5 22. c3 b4 23. c4 f5 24. Qxe3 f4 25. Qf2 Rc6 26. Rf1 Rg6 27. Kh2 h5 28. Rg1 h4 29. Bf1 Qg3+ 30. Qxg3 fxg3+ 31. Kg2 Rxf3 32. Kxf3 Rf6+ 33. Ke3 g5 34. Be2 Rf2 35. e5 Kg7 36. e6 Rh2 37. Bg4 Kf6 38. d4 Rxb2 39. d5 Ke7 40. c5 g2 41. d6+ Kf6 42. e7 Kf7 43. Bh5+ 1-0

[Event "Wch FIDE Online U14 Europe qual"]
[Site "Tornelo INT"]
[Date "2020.12.08"]
[Round "4"]
[White "Kull, Tormi"]
[Black "Singh, Yuvraj"]
[Result "1-0"]
[WhiteElo "1579"]
[BlackElo "1304"]
[PlyCount "91"]
[EventDate "2020.12.07"]
[EventType "swiss (rapid)"]
[EventRounds "7"]
[EventCountry "ISS"]
[SourceTitle "EXT 2022"]
[Source "ChessBase"]
[SourceDate "2021.10.06"]
[SourceVersion "1"]
[SourceVersionDate "2021.10.06"]
[SourceQuality "1"]

1. e4 c5 2. Nf3 d6 3. d4 cxd4 4. Nxd4 Nf6 5. Nc3 e5 6. Ndb5 a6 7. Na3 Nc6 8. Bg5 Be7 9. Bxf6 Bxf6 10. Nd5 Be6 11. c3 Bxd5 12. Qxd5 0-0 13. Nc4 Be7 14. Rd1 Qd7 15. Nb6 Qg4 16. Nxa8 Rxa8 17. h3 Qf4 18. Be2 Bg5 19. 0-0 Ne7 20. Qxd6 Ng6 21. Qd3 Be7 22. Qf3 Qg5 23. Bc4 Nh4 24. Qg3 Qf6 25. f4 Bc5+ 26. Kh1 Ng6 27. fxe5 Qc6 28. Bxf7+ Kh8 29. Bxg6 hxg6 30. Qh4+ Kg8 31. Rd8+ Rxd8 32. Qxd8+ Kh7 33. Rf4 g5 34. Qxg5 Be3 35. Rh4+ Kg8 36. Qxe3 Qb5 37. Rf4 Qe8 38. Qd4 Qg6 39. Qd8+ Kh7 40. Rh4+ Qh6 41. Rxh6+ gxh6 42. Qf6 Kg8 43. e6 h5 44. e7 b5 45. e8Q+ Kh7 46. Qeh8# 1-0

[Event "Wch FIDE Online U14 Europe qual"]
[Site "Tornelo INT"]
[Date "2020.12.07"]
[Round "1"]
[White "Strybuk, Artsiom I"]
[Black "Kull, Tormi"]
[Result "1-0"]
[WhiteElo "2119"]
[BlackElo "1579"]
[PlyCount "71"]
[EventDate "2020.12.07"]
[EventType "swiss (rapid)"]
[EventRounds "7"]
[EventCountry "ISS"]
[SourceTitle "EXT 2022"]
[Source "ChessBase"]
[SourceDate "2021.10.06"]
[SourceVersion "1"]
[SourceVersionDate "2021.10.06"]
[SourceQuality "1"]

1. d4 f5 2. Nf3 Nf6 3. g3 e6 4. Bg2 d5 5. 0-0 c6 6. c4 Bd6 7. b3 Qe7 8. Bb2 0-0 9. Nbd2 Nbd7 10. Ne1 Ne4 11. Nd3 g5 12. Nf3 h5 13. Nfe5 Nxe5 14. Nxe5 Bxe5 15. dxe5 g4 16. Qc1 Qg5 17. f3 Qxc1 18. Raxc1 Ng5 19. f4 Ne4 20. Bxe4 fxe4 21. f5 exf5 22. cxd5 cxd5 23. Rc7 Rf7 24. Rfc1 Be6 25. Rxf7 Bxf7 26. Rc7 b5 27. Kf2 a5 28. Ke3 a4 29. Kf4 axb3 30. axb3 Ra2 31. Bd4 Rxe2 32. Kg5 Ra2 33. Rc8+ Be8 34. e6 e3 35. Rxe8+ Kh7 36. Rh8# 1-0

[Event "Parnu Keres Memorial U20 op"]
[Site "Parnu"]
[Date "2020.07.31"]
[Round "7"]
[White "Raag, Ardi"]
[Black "Kull, Tormi"]
[Result "1-0"]
[WhiteElo "1767"]
[BlackElo "1489"]
[PlyCount "67"]
[EventDate "2020.07.27"]
[EventType "swiss"]
[EventRounds "7"]
[EventCountry "EST"]
[SourceTitle "EXT 2021"]
[Source "ChessBase"]
[SourceDate "2020.10.23"]
[SourceVersion "1"]
[SourceVersionDate "2020.10.23"]
[SourceQuality "1"]

1. e4 c6 2. d4 d5 3. exd5 cxd5 4. c4 Nf6 5. Nc3 e6 6. Nf3 Be7 7. cxd5 Nxd5 8. Bd3 Nc6 9. 0-0 0-0 10. Be3 Bf6 11. a3 b6 12. Nxd5 exd5 13. Qc2 Bb7 14. Bxh7+ Kh8 15. Bd3 Rc8 16. Qd1 g6 17. b4 a6 18. Qe2 b5 19. Qd2 Qb6 20. Bc2 a5 21. Rac1 Be7 22. Bh6 Rfe8 23. Qf4 Nd8 24. Rfe1 Kg8 25. Ng5 axb4 26. axb4 Rc6 27. Qh4 f6 28. Nf3 Rxc2 29. Rxc2 Kf7 30. Bd2 Ne6 31. Qh7+ Ng7 32. Bh6 Rg8 33. Bxg7 Rxg7 34. Rxe7+ 1-0

[Event "EU-ch U12 28th"]
[Site "Riga"]
[Date "2018.08.21"]
[Round "2"]
[White "Kull, Tormi"]
[Black "Triboi, Alexander"]
[Result "1/2-1/2"]
[WhiteElo "1429"]
[BlackElo "1670"]
[PlyCount "35"]
[EventDate "2018.08.20"]
[EventType "swiss"]
[EventRounds "9"]
[EventCountry "LAT"]
[SourceTitle "CBM 186 Extra"]
[Source "ChessBase"]
[SourceDate "2018.08.24"]
[SourceVersion "1"]
[SourceVersionDate "2018.08.24"]
[SourceQuality "1"]

1. d4 Nf6 2. Nf3 e6 3. e3 c5 4. c3 b6 5. Bd3 Bb7 6. 0-0 Be7 7. Nbd2 d5 8. Ne5 0-0 9. f4 Ne4 10. Nxe4 dxe4 11. Bc4 Nc6 12. Qg4 Nxe5 13. fxe5 Bd5 14. b3 Rc8 15. Bb2 cxd4 16. exd4 Bxc4 17. bxc4 Rxc4 18. Qxe4 1/2-1/2